00409nam a2200133Ia 4500008004100000082001200041100002100053245004400074260001800118600002000136942000700156952009500163999001700258241002s9999 xx 000 0 und d a370 SPE aSpencet, Herbert 0aEducation Intellectual Moral & Physical aLondon:c1949 aSocial Sciences cUC 00104070aUITUbUITUd1994-01-01l0o370 SPEpUC210r2024-10-02 09:31:12w2024-10-02yUC c18537d18537